000 01763nam a2200385 c 4500
003 BLK
005 20250628164405.0
008 180408b bul|||||r ||||||| ||bul||
010 _aKNG00054772000
020 _a954-733-249-Х
_bиздат.: Прозорец - (Прозорец)
020 _a954-528-304-1
_bиздат.: Труд - (Труд)
040 _aBLK
041 _aBUL
_cBUL
080 _aБългарска литература в основното училище. Методика на обучението
_b373.3.016:821.163.2
_x(082)(075.2)
_z373.3.016:821.163.2(082)(075.2)
139 _aХристоматия по литература
_bХ 83
245 1 0 _aХристоматия по литература
_bЗа нац. изпит след VІІ кл.
250 _a2. изд.
257 _aBGR
260 София
_bПрозорец
_bТруд
_c2005
_fСофия : Балкан прес АД
300 _a272 с.
_bс портр.
_c21 см
380 _aX
490 1 _aБиблиотека Познание
500 _a1. изд. 2001. - Офс. изд. Съдържа : Христо Ботев ; Иван Вазов ; Любен Каравелов ; Алеко Константинов ; Елин Пелин ; Йордан Йовков.
650 4 _aБългарска литература - христоматии
_9283490
653 _aбългарска литература
653 _aхристоматии
653 _aосновни училища
653 _aVІІ кл.
852 _aЦб 224352
856 4 _qpdf
_u
856 4 _qpdf
_u
942 _cKNG
_n0
_07
944 _aCR
_c05.08.2005
_lРусанова Ирена
_k30542
944 _aED
_c26.02.2016
_lф /
_kНора_Радева
999 _c50879
_d50879